Obras completas de Alejo Carpentier /

Gardado en:
Detalles Bibliográficos
Autor Principal: Carpentier, Alejo (autor)
Formato: Libro
Idioma:Lingua castelá
Publicado: México : Siglo XXI, 1987, c1987
Series:(La Creación Literaria)
Temas:
Etiquetas: Engadir etiqueta
Sen Etiquetas, Sexa o primeiro en etiquetar este rexistro!

MARC

LEADER 00000nam^a2200000^a^4500
001 000141424
005 20250521000000.0
009 20260310095615.032
020 |a 968-23-1413-5 
020 |a 968-23-1122-5 
037 |a Acervo ITESO - Biblioteca 
041 |a ESP 
082 |a 868.  |b CAR V. 12 
100 |a Carpentier, Alejo  |e (autor) 
240 1 1 |a [Obras completas de Alejo Carpentier] 
245 1 0 |a Obras completas de Alejo Carpentier /  |c A. Carpentier. 
264 4 |a México :  |b Siglo XXI,  |c 1987, c1987 
300 |a VI, 505 p. 
336 |a texto  |b txt  |2 rdacontenido 
337 |a sin mediación  |b n  |2 rdamedio 
338 |a volumen  |b nc  |2 rdasoporte 
440 4 |a (La Creación Literaria) 
545 0 |a El cubano Alejo Carpentier (La Habana, 1904 - París, 1980), es reconocido por la gran riqueza de su lenguaje, de altos vuelos líricos, cercanos a la música. Autor de una narrativa plena de barroquismo y que bebe por igual de la cultura popular caribeña, que de fuentes clásicas, Carpentier es el creador de lo real maravilloso, expresión literaria de las visiones mágicas que perviven en numerosos grupos sociales de Latinoamérica. Fue también político y diplomático, ocupando como tal cargos destacados. Carpentier es autor, entre otros títulos, de Los pasos perdidos (1953), Guerra del tiempo (1956), El acoso (1958), El siglo de las luces (1962), El recurso del método (1974), Concierto barroco (1974) y La consagración de la primavera (1978). El Premio Internacional Alfonso Reyes (1975), el Premio Cino del Duca (1975) y el Premio Cervantes (1977), fueron algunos de los reconocimientos recibidos por el escritor. 
649 |a XX 
650 |a Ensayos Cubanos 
650 |a Literatura Cubana -  |y Siglo XX 
650 |a Música Cubana -  |x Historia y Crítica -  |x Tema Principal 
740 0 |a Ese músico que llevo dentro :  |b la música en Cuba /  |c A. Carpentier. 
910 |a Fondo Armando Suárez Gómez 
920 |a Impresos - Libros 
930 |a Fondos Especiales 
940 |a Literatura 
905 |a 111 
901 |a 0700006449  |b IT2  |c ESP  |u 20250521 
902 |a https://opac.biblio.iteso.mx/vufind/Record/000141424